000 00584cam a22002053a 4500
001 39447
003 PGUSA
005 20140828083857.0
008 120414s2012||||xxu|||||s|||||000 | eng d
040 _aPGUSA
_beng
042 _adc
100 1 _aMore, Paul Elmer,
_d1864-1937
245 1 0 _aShelburne Essays, Third Series
_h[electronic resource] /
_cPaul Elmer More
260 _bProject Gutenberg,
_c2012
506 _aPublic domain in the USA.
516 _aElectronic text
830 0 _aProject Gutenberg
_v39447
856 4 0 _uhttp://www.gutenberg.org/ebooks/39447
942 _cEB
999 _c268700
_d268700